| 000 | 01715cam a22002895a 4500 | ||
|---|---|---|---|
| 001 | 18043641 | ||
| 005 | 20151102102148.0 | ||
| 008 | 140224s2014 enka b 001 0 eng | ||
| 020 | _a9781408297841 (pbk.) | ||
| 020 | _a9781408297865 (PDF) | ||
| 020 | _a9781292014982 (etext) | ||
| 040 |
_aDLC _beng _cDLC _dEG-ScBUE |
||
| 043 | _ae-uk-en | ||
| 082 | 0 | 4 |
_a346.41082 _222 _bARU |
| 100 | 1 |
_aArora, Anu. _938624 |
|
| 245 | 1 | 0 |
_aBanking law / _cAnu Arora. |
| 260 |
_aHarlow : _bPearson Education Limited, _c2014. |
||
| 300 |
_axciii, 670 p. ; _c24 cm. |
||
| 500 | _aIndex : p. 656-670. | ||
| 504 | _aIncludes bibliographical references. | ||
| 505 | 0 | _aWhat is money? -- The role of the City of London as a financial centre and the international financial institutions -- The corporate governance failings in financial institutions and directors legal liability -- The UK response to the credit crisis -- Bank regulation and supervision -- The banker and customer relationship and the unfair terms in banking contracts -- Duties arising under the banker and customer relationship -- The bank as the fiduciary -- The nature of the overdrawn account and the bank's self-help remedies -- Bills of exchange -- Cheques as negotiable instruments -- Third party rights : wrongful dealings and liability -- Money laundering -- Nature and type of electronic funds transfers systems -- Plastic money -- Overdrafts and bank loans -- Recovery of money paid by mistake -- Securities for bank borrowing. | |
| 650 | 0 |
_aBanking law _zEngland. _2BUEsh |
|
| 650 | 0 |
_aBanks and banking, International _xLaw and legislation. _2BUEsh _932822 |
|
| 651 | _2BUEsh | ||
| 653 |
_bBUSECO _bBUSADM _cJune2015 _cNovember2015 |
||
| 942 | _2ddc | ||
| 999 |
_c19676 _d19648 |
||